Kia mo lu po/ (Record no. 8978)
[ view plain ]
| 000 -LEADER | |
|---|---|
| fixed length control field | 00561cam a2200205ua 4500 |
| 005 - DATE AND TIME OF LATEST TRANSACTION | |
| control field | 20240530095734.0 |
| 008 - FIXED-LENGTH DATA ELEMENTS--GENERAL INFORMATION | |
| fixed length control field | 170228n ii |||gr||||Z||||||mul |
| 020 ## - INTERNATIONAL STANDARD BOOK NUMBER | |
| International Standard Book Number | 9788192178615 |
| 040 ## - CATALOGING SOURCE | |
| Transcribing agency | MAIN |
| 041 ## - LANGUAGE CODE | |
| Language code of sung or spoken text | Assamese |
| 082 ## - DEWEY DECIMAL CLASSIFICATION NUMBER | |
| Classification number | 891.451 |
| Item number | KIA |
| 245 ## - TITLE STATEMENT | |
| Title | Kia mo lu po/ |
| Statement of responsibility, etc. | Edited by Ali Akbar Hussain |
| 250 ## - EDITION STATEMENT | |
| Edition statement | 1st ed. |
| 260 ## - PUBLICATION, DISTRIBUTION, ETC. | |
| Place of publication, distribution, etc. | Guwahati: |
| Name of publisher, distributor, etc. | Assam College Teachers Association, |
| Date of publication, distribution, etc. | 2016. |
| 300 ## - PHYSICAL DESCRIPTION | |
| Extent | 375p. |
| 650 ## - SUBJECT ADDED ENTRY--TOPICAL TERM | |
| Topical term or geographic name entry element | Articles on Assamese literature |
| 700 ## - ADDED ENTRY--PERSONAL NAME | |
| Personal name | Hussain, Ali Akbar |
| Relator term | Editor |
| 942 ## - ADDED ENTRY ELEMENTS (KOHA) | |
| Koha item type | Books |
| Source of classification or shelving scheme | Dewey Decimal Classification |
| 653 ## - INDEX TERM--UNCONTROLLED | |
| Uncontrolled term | Multilingual articles |
| Withdrawn status | Lost status | Source of classification or shelving scheme | Damaged status | Not for loan | Collection code | Home library | Current library | Shelving location | Date acquired | Cost, normal purchase price | Total Checkouts | Full call number | Barcode | Date last seen | Copy number | Price effective from | Koha item type |
|---|---|---|---|---|---|---|---|---|---|---|---|---|---|---|---|---|---|
| Dewey Decimal Classification | Assamese | Central Library, Naharkatiya College | Central Library, Naharkatiya College | General Stacks | 19/09/2020 | 375.00 | 891.451 KIA | 23602 | 19/09/2020 | 1 | 19/09/2020 | Books |
